[Event "ChessOrg Schachfestival 2024 Bad Wörishofen"]
[White "Flockerzi, Armin"]
[Black "James, Kevin"]
[Site "Bad Woerishofen"]
[Round "7.44"]
[Annotator "wempe"]
[Result "0-1"]
[Date "2024.??.??"]
[WhiteElo "1817"]
[BlackElo "1892"]
[PlyCount "110"]
[GameId "2113243536193168"]
[EventDate "2024.03.14"]

1. Nf3 g6 2. d4 Bg7 3. g3 d6 4. Bg2 Nd7 5. c3 Nh6 6. e4 O-O 7. O-O e5 8. d5 f5 9. Ng5 Nf6 10. exf5 gxf5 11. Na3 Qe7 12. Re1 Nf7 13. Nxf7 Qxf7 14. f3 Qxd5 15. Qxd5+ Nxd5 16. f4 e4 17. Rb1 Be6 18. Bd2 Rfe8 19. c4 Nb6 20. b3 c6 21. Nc2 d5 22. c5 Nd7 23. Be3 Rad8 24. b4 Nf8 25. Bd4 Bd7 26. Kf2 Ne6 27. Ke3 b6 28. cxb6 Bxd4+ 29. Nxd4 Nxd4 30. Kxd4 axb6 31. Re3 Ra8 32. Re2 Ra4 33. Kc3 Rea8 34. Rbb2 Kf7 35. Bf1 Ke6 36. h3 Kd6 37. Rg2 Ra3+ 38. Kc2 Rxa2 39. Be2 c5 40. Kb1 Rxb2+ 41. Kxb2 cxb4 42. g4 d4 43. gxf5 Bxf5 44. Rg3 d3 45. Bd1 Kc5 46. Rg5 Rf8 47. Bg4 Kd4 48. Bxf5 e3 49. Kc1 Kc3 50. Kd1 e2+ 51. Ke1 d2+ 52. Kxe2 Re8+ 53. Be6 Rxe6+ 54. Re5 Rxe5+ 55. fxe5 Kc2 0-1

[Event "ChessOrg Schachfestival 2024 Bad Wörishofen"]
[White "Kurpiela, Franz"]
[Black "Schmieder, Siegfried"]
[Site "Bad Woerishofen"]
[Round "7.45"]
[Annotator "wempe"]
[Result "0-1"]
[Date "2024.??.??"]
[WhiteElo "1800"]
[BlackElo "1892"]
[PlyCount "38"]
[GameId "2113244662462106"]
[EventDate "2024.03.14"]

1. e4 d6 2. d4 Nf6 3. Nc3 g6 4. Bc4 Bg7 5. Nge2 c6 6. O-O b5 7. Bd3 O-O 8. a3 Bb7 9. Bg5 h6 10. Be3 Nbd7 11. f4 Ng4 12. Bd2 e5 13. d5 Qb6+ 14. Kh1 Nf2+ 15. Rxf2 Qxf2 16. dxc6 Bxc6 17. f5 gxf5 18. Bxb5 Bxb5 19. Nxb5 Qb6 0-1

[Event "ChessOrg Schachfestival 2024 Bad Wörishofen"]
[White "Marian, Hartmut"]
[Black "Storkebaum, Ulrike"]
[Site "Bad Woerishofen"]
[Round "7.46"]
[Annotator "wempe"]
[Result "1/2-1/2"]
[Date "2024.??.??"]
[WhiteElo "1992"]
[BlackElo "1802"]
[PlyCount "101"]
[GameId "2113245405439651"]
[EventDate "2024.03.14"]

1. d4 Nf6 2. Bf4 g6 3. e3 Bg7 4. Nf3 O-O 5. h3 d6 6. Be2 Nbd7 7. O-O c5 8. c3 a6 9. a4 b6 10. Nbd2 Bb7 11. Bh2 Re8 12. Qc2 e5 13. dxe5 dxe5 14. e4 Qe7 15. Rfe1 Nh5 16. Bf1 Nf4 17. Rad1 Ne6 18. Nc4 f6 19. Nd6 Reb8 20. Nxb7 Rxb7 21. Bc4 Rba7 22. Qb3 Re8 23. Rd5 Kh8 24. Red1 Nef8 25. R1d3 Rb8 26. Qd1 b5 27. Ba2 c4 28. Rd2 Bh6 29. Re2 Nb6 30. Rd6 Rd7 31. Rxd7 Qxd7 32. Qxd7 Nfxd7 33. axb5 axb5 34. Bb1 Nc5 35. Nxe5 Ra8 36. Nf7+ Kg7 37. Nxh6 Kxh6 38. Bf4+ Kg7 39. Be3 Nbd7 40. Rd2 Ra1 41. Rd1 Nd3 42. Kf1 N7c5 43. Bxc5 Nxc5 44. Ke2 Kf7 45. Bc2 Ra2 46. Rb1 Ke6 47. Ke3 g5 48. g3 h6 49. f3 Nd7 50. Bd1 Kd6 51. Kd4 1/2-1/2

[Event "ChessOrg Schachfestival 2024 Bad Wörishofen"]
[White "Schleime, Franz-Josef"]
[Black "Ellerbrock, Manfred"]
[Site "Bad Woerishofen"]
[Round "7.47"]
[Annotator "wempe"]
[Result "1/2-1/2"]
[Date "2024.??.??"]
[WhiteElo "1779"]
[BlackElo "1917"]
[PlyCount "118"]
[GameId "2113246690297516"]
[EventDate "2024.03.14"]

1. d4 Nf6 2. Nf3 d5 3. c3 c6 4. Bf4 Nbd7 5. h3 Ne4 6. e3 Ndf6 7. Bd3 Bf5 8. O-O e6 9. Re1 Bd6 10. Bxd6 Qxd6 11. Qc2 h6 12. Nbd2 g5 13. Bxe4 Bxe4 14. Nxe4 Nxe4 15. Ne5 f5 16. c4 O-O 17. c5 Qc7 18. Qe2 Qg7 19. Qh5 Kh7 20. Rf1 Rg8 21. Kh2 Raf8 22. Qe2 g4 23. hxg4 fxg4 24. g3 h5 25. Kg2 Qg5 26. Nd3 Kg7 27. Nf4 Qf5 28. Rh1 Rh8 29. Rh4 Rh6 30. Rah1 Rfh8 31. Qc2 Qf7 32. b4 Ng5 33. Rb1 Nf3 34. Rhh1 h4 35. gxh4 Nxh4+ 36. Kf1 Nf5 37. Rxh6 Rxh6 38. Kg2 Qe7 39. Rg1 Qh4 40. Kf1 Kf7 41. Qd1 g3 42. Qf3 gxf2 43. Qxf2 Qxf2+ 44. Kxf2 Rh2+ 45. Rg2 Rh1 46. Rg6 Ra1 47. Rxe6 Rxa2+ 48. Ke1 Rb2 49. Re5 Ng7 50. Nd3 Ra2 51. Kd1 Ne8 52. Rf5+ Nf6 53. Ke1 Rh2 54. Nf4 Rb2 55. Nd3 Rb3 56. Ke2 Rxd3 57. Kxd3 Ke6 58. Re5+ Kf7 59. Rf5 Ke6 1/2-1/2

[Event "ChessOrg Schachfestival 2024 Bad Wörishofen"]
[White "Weyand, Fernand"]
[Black "Laustsen, Karl-Johan"]
[Site "Bad Woerishofen"]
[Round "7.48"]
[Annotator "wempe"]
[Result "0-1"]
[Date "2024.??.??"]
[WhiteElo "1752"]
[BlackElo "1897"]
[PlyCount "72"]
[GameId "2113248573355706"]
[EventDate "2024.03.14"]

1. Nf3 Nf6 2. d4 e6 3. Bf4 d5 4. e3 c5 5. c3 Qb6 6. Qb3 c4 7. Qc2 Nc6 8. Nbd2 Be7 9. h3 O-O 10. Be2 Bd7 11. O-O Nh5 12. Ng5 Bxg5 13. Bxg5 Nf6 14. Bxf6 gxf6 15. e4 Ne7 16. exd5 exd5 17. Bf3 Bb5 18. Qc1 Kh8 19. Re1 Qd6 20. Nf1 Rg8 21. Ng3 Bd7 22. Re2 Nf5 23. Nxf5 Bxf5 24. g4 Be6 25. Bg2 f5 26. gxf5 Bxf5 27. Qe3 Rg7 28. f4 Rag8 29. Kh2 Rg6 30. Rae1 Qf6 31. Qf2 Qg7 32. Bxd5 Bxh3 33. Re3 Bf1 34. Rxf1 Rh6+ 35. Rh3 Rxh3+ 36. Kxh3 Qg4+ 0-1

[Event "ChessOrg Schachfestival 2024 Bad Wörishofen"]
[White "Vonach, Bernhard"]
[Black "Cremonini, Stefano"]
[Site "Bad Woerishofen"]
[Round "7.49"]
[Annotator "wempe"]
[Result "1-0"]
[Date "2024.??.??"]
[WhiteElo "1881"]
[BlackElo "1734"]
[PlyCount "61"]
[GameId "2113248604341955"]
[EventDate "2024.03.14"]

1. Nf3 d5 2. d4 c6 3. b3 Nf6 4. Bb2 Bf5 5. e3 h6 6. Nbd2 Nbd7 7. Bd3 Bxd3 8. cxd3 e6 9. e4 Bb4 10. O-O O-O 11. a3 Bxd2 12. Nxd2 Qb6 13. e5 Ne8 14. Kh1 f5 15. f4 Nc7 16. Nf3 a5 17. a4 Na6 18. h3 Nb4 19. Nh4 Qd8 20. Nf3 Qe7 21. Bc3 Rf7 22. Be1 Nf8 23. Nh4 Kh7 24. g4 g5 25. fxg5 hxg5 26. gxf5 gxh4 27. Qh5+ Kg8 28. Bxh4 Rh7 29. Rg1+ Kh8 30. Qg4 Rxh4 31. Qg8# 1-0

[Event "ChessOrg Schachfestival 2024 Bad Wörishofen"]
[White "Lachat, Martin"]
[Black "Hager, Eberhard"]
[Site "Bad Woerishofen"]
[Round "7.50"]
[Annotator "wempe"]
[Result "0-1"]
[Date "2024.??.??"]
[WhiteElo "1742"]
[BlackElo "1863"]
[PlyCount "88"]
[GameId "2113353477322445"]
[EventDate "2024.03.14"]

1. c4 Nf6 2. d4 e6 3. a3 b6 4. Nc3 Bb7 5. e3 Be7 6. Nf3 Ne4 7. Nxe4 Bxe4 8. Bd3 Bxd3 9. Qxd3 O-O 10. O-O d6 11. Rd1 Nd7 12. e4 c6 13. Be3 Rc8 14. b4 Nf6 15. h3 Qc7 16. Rac1 Qb7 17. e5 dxe5 18. dxe5 Rfd8 19. Qb1 Rxd1+ 20. Rxd1 Nd7 21. Ng5 Bxg5 22. Bxg5 Nxe5 23. Qe4 Ng6 24. Qd3 h6 25. Bd8 c5 26. bxc5 Nf4 27. Qf1 Rxc5 28. g3 Ng6 29. Rd4 Qa6 30. Qd3 Ra5 31. Be7 Rxa3 32. Bxa3 Qa4 33. c5 Qa5 34. cxb6 axb6 35. h4 f5 36. Rb4 Ne5 37. Qb3 Kf7 38. Rxb6 Qe1+ 39. Kh2 Qe4 40. f3 Qe2+ 41. Kh3 Qf1+ 42. Kh2 Nxf3+ 43. Qxf3 Qxf3 44. Ra6 Qe2+ 0-1

[Event "ChessOrg Schachfestival 2024 Bad Wörishofen"]
[White "Mitterholzer, Helmuth"]
[Black "Bjorgvik, Jan Arne"]
[Site "Bad Woerishofen"]
[Round "7.51"]
[Annotator "wempe"]
[Result "1/2-1/2"]
[Date "2024.??.??"]
[WhiteElo "1644"]
[BlackElo "1858"]
[PlyCount "31"]
[GameId "2113354517526230"]
[EventDate "2024.03.14"]

1. e4 c6 2. d4 d5 3. e5 e6 4. Nf3 c5 5. c3 Nc6 6. a3 cxd4 7. cxd4 Be7 8. Nc3 a6 9. b4 Bd7 10. Be2 Rc8 11. Na4 b5 12. Nc5 Bxc5 13. bxc5 Nge7 14. O-O h6 15. Bb2 Ng6 16. Qd2 1/2-1/2

[Event "ChessOrg Schachfestival 2024 Bad Wörishofen"]
[White "Sakowski, Christian"]
[Black "Stein, Eugen"]
[Site "Bad Woerishofen"]
[Round "7.52"]
[Annotator "wempe"]
[Result "1/2-1/2"]
[Date "2024.??.??"]
[WhiteElo "1854"]
[BlackElo "1806"]
[PlyCount "120"]
[GameId "2113354901829343"]
[EventDate "2024.03.14"]

1. d4 Nf6 2. c4 e6 3. Nc3 Be7 4. Nf3 c5 5. e3 a6 6. Be2 Qc7 7. O-O O-O 8. b3 cxd4 9. exd4 b6 10. Bb2 Bb7 11. Rc1 h6 12. Re1 d6 13. a3 Nbd7 14. Nd2 Nh7 15. Bf3 Ng5 16. Bxb7 Qxb7 17. Nde4 Rac8 18. Nxg5 Bxg5 19. Rc2 Be7 20. Ne4 Nf6 21. Nd2 Nh7 22. Qf3 Qxf3 23. Nxf3 Ng5 24. Nxg5 Bxg5 25. Bc1 Bxc1 26. Rcxc1 Rfd8 27. b4 Kf8 28. f4 Rc7 29. Rc3 Rdc8 30. Rec1 Ke8 31. Kf2 Kd7 32. Ke3 f6 33. g3 g5 34. h3 h5 35. fxg5 fxg5 36. R3c2 Ke7 37. a4 Kd7 38. Kd3 Rf8 39. Ke3 g4 40. hxg4 hxg4 41. Rf2 Rxf2 42. Kxf2 Rc8 43. Ke2 Ke7 44. Kd3 Rf8 45. Re1 Rf3+ 46. Re3 Rf1 47. Kc3 Kf6 48. a5 bxa5 49. bxa5 Kf5 50. c5 dxc5 51. dxc5 e5 52. Kc4 Ke6 53. Re4 Rc1+ 54. Kb4 Kf5 55. Rc4 Rb1+ 56. Kc3 Rc1+ 57. Kb3 Rxc4 58. Kxc4 Ke6 59. c6 Kd6 60. c7 Kxc7 1/2-1/2

[Event "ChessOrg Schachfestival 2024 Bad Wörishofen"]
[White "Lie, Terje"]
[Black "Ganslmayer, Anton"]
[Site "Bad Woerishofen"]
[Round "7.53"]
[Annotator "wempe"]
[Result "1-0"]
[Date "2024.??.??"]
[WhiteElo "1594"]
[BlackElo "1852"]
[PlyCount "85"]
[GameId "2113355664967400"]
[EventDate "2024.03.14"]

1. d4 Nf6 2. c4 e6 3. Nf3 d5 4. Nc3 dxc4 5. e3 a6 6. Bxc4 Nbd7 7. O-O b5 8. Be2 Bb7 9. Qc2 Be7 10. b3 O-O 11. Bb2 Rc8 12. Rac1 c5 13. Qb1 b4 14. Na4 Qa5 15. Nd2 cxd4 16. Bxd4 Bc6 17. Nb2 e5 18. Nbc4 Qd5 19. Bf3 e4 20. Be2 Qg5 21. Rfd1 Bc5 22. Bb2 Bb7 23. Nd6 Bxe3 24. Nxc8 Bxf2+ 25. Kxf2 e3+ 26. Ke1 Qxg2 27. Ne7+ Kh8 28. Qf5 exd2+ 29. Rxd2 Be4 30. Qf2 Qh3 31. Qf1 Qxh2 32. Bxf6 Nxf6 33. Rc8 Rxc8 34. Nxc8 Qc7 35. Bxa6 Bd5 36. Bc4 Qe5+ 37. Qe2 Qa1+ 38. Rd1 Qc3+ 39. Qd2 Qe5+ 40. Qe2 Qc3+ 41. Rd2 Ne4 42. Bxd5 Qc1+ 43. Qd1 1-0

[Event "ChessOrg Schachfestival 2024 Bad Wörishofen"]
[White "Cerpnjak, Mirko"]
[Black "Christoffersen, Odd"]
[Site "Bad Woerishofen"]
[Round "7.54"]
[Annotator "wempe"]
[Result "1-0"]
[Date "2024.??.??"]
[WhiteElo "1839"]
[BlackElo "1701"]
[PlyCount "61"]
[GameId "2113357787166455"]
[EventDate "2024.03.14"]

1. d4 Nf6 2. Nf3 e6 3. e3 b6 4. Bd3 Bb7 5. Nbd2 d5 6. b3 Be7 7. O-O O-O 8. Ne5 Nbd7 9. Bb2 Ne4 10. f3 Nxd2 11. Qxd2 Nxe5 12. dxe5 a5 13. Qe2 Qc8 14. Rac1 Rd8 15. f4 Ba6 16. c4 dxc4 17. bxc4 g6 18. g4 Qd7 19. Be4 Rab8 20. Qf3 Bc5 21. Rf2 Qe7 22. f5 Qg5 23. fxg6 fxg6 24. Qf7+ Kh8 25. Re1 Rf8 26. Qxe6 Bxe3 27. Rxe3 Qxe3 28. Bf5 Bb7 29. Qd7 Rbd8 30. e6+ Kg8 31. Qg7# 1-0

[Event "ChessOrg Schachfestival 2024 Bad Wörishofen"]
[White "Grandl, Klaus"]
[Black "Hackbarth, Christa"]
[Site "Bad Woerishofen"]
[Round "7.55"]
[Annotator "wempe"]
[Result "0-1"]
[Date "2024.??.??"]
[WhiteElo "1726"]
[BlackElo "1833"]
[PlyCount "92"]
[GameId "2113359270020864"]
[EventDate "2024.03.14"]

1. e4 c6 2. Nf3 d5 3. e5 Bf5 4. d4 e6 5. h3 Nd7 6. Be2 c5 7. c3 Ne7 8. O-O Nc6 9. Be3 Be7 10. Nbd2 O-O 11. Nh2 cxd4 12. cxd4 Qb6 13. Qb3 Nxd4 14. Bxd4 Qxd4 15. Ndf3 Qb6 16. Qxb6 Nxb6 17. b3 Bc5 18. Ng4 a6 19. Kh2 Rac8 20. Nh4 Bxg4 21. Bxg4 Ba3 22. f4 g6 23. Bd1 Rc6 24. Nf3 Rfc8 25. h4 Rc1 26. Rxc1 Rxc1 27. h5 Ra1 28. hxg6 hxg6 29. g4 Rxa2+ 30. Kh3 Be7 31. f5 gxf5 32. gxf5 Nd7 33. Rg1+ Kh8 34. f6 Nxf6 35. exf6 Bxf6 36. Rg4 Ra1 37. Rg1 b5 38. Kh2 a5 39. Kh1 a4 40. Bc2 a3 41. Rxa1 Bxa1 42. Bb1 Kg7 43. Kg2 Kf6 44. Kf2 Ke7 45. Ke2 Kd6 46. Kd3 e5 0-1

[Event "ChessOrg Schachfestival 2024 Bad Wörishofen"]
[White "Lein, Andreas"]
[Black "Ruf, Helmut"]
[Site "Bad Woerishofen"]
[Round "7.56"]
[Annotator "wempe"]
[Result "1-0"]
[Date "2024.??.??"]
[WhiteElo "1831"]
[BlackElo "1645"]
[PlyCount "119"]
[GameId "2113362925164297"]
[EventDate "2024.03.14"]

1. d4 Nf6 2. Nf3 g6 3. g3 Bg7 4. Nc3 d5 5. Bg2 O-O 6. O-O Bf5 7. Re1 b6 8. Nh4 Be6 9. e4 Na6 10. e5 Ne8 11. Ne2 c5 12. c3 Rc8 13. Be3 Bd7 14. Qd2 cxd4 15. cxd4 Bh3 16. Bh6 Bxg2 17. Kxg2 e6 18. Bxg7 Kxg7 19. f4 Qe7 20. a3 Nb8 21. Nf3 Nc6 22. Rac1 Qd7 23. h4 Na5 24. Rxc8 Qxc8 25. Rc1 Qd7 26. Qd3 Nc4 27. b4 Nc7 28. h5 Nb5 29. Ng5 Nbxa3 30. Rh1 Rh8 31. h6+ Kf8 32. Ra1 Nc2 33. Rb1 N2e3+ 34. Kf2 Ng4+ 35. Kf3 Nxh6 36. Rh1 Kg7 37. g4 Qa4 38. Rxh6 Kxh6 39. Nxf7+ Kg7 40. Nxh8 Kxh8 41. f5 Qa3 42. Qxa3 Nxa3 43. f6 a5 44. bxa5 bxa5 45. Ke3 Nc4+ 46. Kd3 a4 47. Kc3 a3 48. Kb3 h5 49. gxh5 gxh5 50. Nf4 h4 51. Ng6+ Kg8 52. Nxh4 Kf7 53. Nf3 Kg6 54. Ne1 Kf7 55. Nc2 Nd2+ 56. Kxa3 Nf3 57. Kb4 Ng5 58. Ne3 Ne4 59. Ng4 Kg6 60. Kb5 1-0

[Event "ChessOrg Schachfestival 2024 Bad Wörishofen"]
[White "Schmitt, Karl"]
[Black "Titz, Waldemar"]
[Site "Bad Woerishofen"]
[Round "7.59"]
[Annotator "wempe"]
[Result "1/2-1/2"]
[Date "2024.??.??"]
[WhiteElo "1906"]
[BlackElo "1822"]
[PlyCount "62"]
[GameId "2113376672974663"]
[EventDate "2024.03.14"]

1. d4 Nf6 2. Nf3 d6 3. c4 g6 4. h3 Bg7 5. Nc3 c6 6. e4 O-O 7. Be2 Nbd7 8. O-O Qc7 9. Be3 Re8 10. Rc1 a6 11. b4 e5 12. Qc2 exd4 13. Bxd4 c5 14. Bxf6 Nxf6 15. b5 a5 16. Rfe1 b6 17. Nd2 Bb7 18. g4 Nd7 19. f4 Bxc3 20. Qxc3 Re7 21. Bf3 Rae8 22. Kf2 Nf8 23. a3 Ne6 24. Nb3 Ng7 25. Qd3 f5 26. Nd2 Kh8 27. Re2 h6 28. h4 Kh7 29. Rce1 Ba8 30. Nb1 Bb7 31. Nc3 Ba8 1/2-1/2

[Event "ChessOrg Schachfestival 2024 Bad Wörishofen"]
[White "Kamm, Guenter"]
[Black "Schoknecht, Sabine"]
[Site "Bad Woerishofen"]
[Round "7.60"]
[Annotator "wempe"]
[Result "1-0"]
[Date "2024.??.??"]
[WhiteElo "1881"]
[BlackElo "1816"]
[PlyCount "72"]
[GameId "2113377777452881"]
[EventDate "2024.03.14"]

1. e4 b6 2. d4 Bb7 3. Nd2 e6 4. Ngf3 Be7 5. c4 d6 6. Bd3 Nd7 7. O-O h5 8. Qe2 g5 9. d5 e5 10. b4 g4 11. Ne1 Nf8 12. c5 dxc5 13. Bb5+ Nd7 14. Nd3 f6 15. bxc5 bxc5 16. Rb1 Bc8 17. Nc4 Kf7 18. f4 exf4 19. e5 f3 20. gxf3 Nb6 21. Nxb6 axb6 22. Bc4 Kf8 23. fxg4 Bxg4 24. Qe4 f5 25. Rxf5+ Bxf5 26. Qxf5+ Kg7 27. Nf4 Rh6 28. Bb2 Qf8 29. Nxh5+ Kh8 30. Qg4 Rxh5 31. Qxh5+ Nh6 32. Kh1 Qf4 33. e6+ Bf6 34. Rf1 Qe4+ 35. Rf3 Qe1+ 36. Bf1 Qh4 1-0

[Event "ChessOrg Schachfestival 2024 Bad Wörishofen"]
[White "Babenko, Aleksej"]
[Black "Wagner, Werner"]
[Site "Bad Woerishofen"]
[Round "7.61"]
[Annotator "wempe"]
[Result "1-0"]
[Date "2024.??.??"]
[WhiteElo "1819"]
[BlackElo "1862"]
[PlyCount "41"]
[GameId "2113378693650269"]
[EventDate "2024.03.14"]

1. Nf3 Nf6 2. c4 g6 3. b3 Bg7 4. Bb2 O-O 5. e3 d6 6. Be2 Nbd7 7. O-O e5 8. d3 Ne8 9. Nbd2 e4 10. Bxg7 exf3 11. Bxf8 fxe2 12. Qxe2 Nxf8 13. h3 Ng7 14. Qf3 Qe7 15. d4 c6 16. e4 Nge6 17. Qe3 Bd7 18. Rae1 b6 19. f4 Re8 20. f5 Nd8 21. f6 1-0

[Event "ChessOrg Schachfestival 2024 Bad Wörishofen"]
[White "Rothenhagen, Siegfried"]
[Black "Collins, Alan"]
[Site "Bad Woerishofen"]
[Round "7.63"]
[Annotator "wempe"]
[Result "1/2-1/2"]
[Date "2024.??.??"]
[WhiteElo "1836"]
[BlackElo "1743"]
[PlyCount "49"]
[GameId "2113379169748868"]
[EventDate "2024.03.14"]

1. d4 d6 2. Nf3 Nf6 3. e3 Nbd7 4. Nbd2 e5 5. Bc4 Be7 6. O-O O-O 7. h3 e4 8. Nh2 d5 9. Be2 Re8 10. f4 exf3 11. Bxf3 Nf8 12. Ng4 Nxg4 13. Bxg4 Bxg4 14. Qxg4 Bg5 15. Nf3 Bxe3+ 16. Bxe3 Rxe3 17. Ng5 f6 18. Nf3 Re4 19. Qg3 Qd7 20. Rae1 Rae8 21. c3 Rxe1 22. Rxe1 Rxe1+ 23. Nxe1 c6 24. Nd3 b6 25. Qf3 1/2-1/2

[Event "ChessOrg Schachfestival 2024 Bad Wörishofen"]
[White "Kumeth, Hartmut"]
[Black "Narr, Irmgard"]
[Site "Bad Woerishofen"]
[Round "7.65"]
[Annotator "wempe"]
[Result "1-0"]
[Date "2024.??.??"]
[WhiteElo "1830"]
[BlackElo "1755"]
[PlyCount "85"]
[GameId "2113381545404312"]
[EventDate "2024.03.14"]

1. Nf3 Nf6 2. d4 d5 3. e3 Bf5 4. Bd3 Bxd3 5. cxd3 c6 6. Nc3 e6 7. Qb3 Qc7 8. Bd2 Bd6 9. g3 O-O 10. Rc1 a6 11. O-O Nbd7 12. e4 dxe4 13. dxe4 Be7 14. Bf4 Qc8 15. d5 Nc5 16. Qc2 Qd7 17. b4 Nfxe4 18. Nxe4 Nxe4 19. Qxe4 exd5 20. Qd4 Qg4 21. Ne5 Qh3 22. Nd3 Bf6 23. Qb6 Qc8 24. Rfe1 Bd8 25. Qc5 Qd7 26. Bd6 b6 27. Qxc6 Qxc6 28. Rxc6 b5 29. Bxf8 Kxf8 30. Rd6 Bf6 31. Rxd5 Bc3 32. Rc1 Bf6 33. Rc7 Be7 34. Rdd7 Re8 35. a3 f6 36. Ra7 Kf7 37. Rxa6 Kg6 38. Re6 Kf7 39. Nf4 g5 40. Rdxe7+ Rxe7 41. Rxe7+ Kxe7 42. Nd5+ Ke6 43. Nc7+ 1-0

[Event "ChessOrg Schachfestival 2024 Bad Wörishofen"]
[White "Semisch, Helga"]
[Black "Schinnerl, Werner"]
[Site "Bad Woerishofen"]
[Round "7.66"]
[Annotator "wempe"]
[Result "0-1"]
[Date "2024.??.??"]
[WhiteElo "1636"]
[BlackElo "1983"]
[PlyCount "64"]
[GameId "2113382722996130"]
[EventDate "2024.03.14"]

1. e4 c5 2. Bc4 Nc6 3. Nf3 e6 4. a3 Qc7 5. d3 g6 6. Be3 d6 7. Nbd2 Bg7 8. c3 Nge7 9. O-O O-O 10. Ng5 Ne5 11. f4 Nxc4 12. Nxc4 b5 13. Nd2 h6 14. Ngf3 d5 15. Rc1 Rd8 16. e5 Nf5 17. Bf2 Bf8 18. d4 a5 19. b3 Qb6 20. Nh4 Be7 21. Nxf5 exf5 22. Re1 Be6 23. Qf3 Rdc8 24. Qh3 Kg7 25. Bh4 Qd8 26. Nf3 Ra7 27. Bf2 Rac7 28. Rcd1 cxd4 29. cxd4 Bxa3 30. Bh4 Be7 31. Bxe7 Qxe7 32. Qg3 Rc3 0-1

[Event "ChessOrg Schachfestival 2024 Bad Wörishofen"]
[White "Beitz, Joanne"]
[Black "Auterhoff, Juergen"]
[Site "Bad Woerishofen"]
[Round "7.67"]
[Annotator "wempe"]
[Result "1/2-1/2"]
[Date "2024.??.??"]
[WhiteElo "1540"]
[BlackElo "1838"]
[PlyCount "31"]
[GameId "2113384679749548"]
[EventDate "2024.03.14"]

1. e4 e5 2. Nf3 Nf6 3. Nxe5 d6 4. Nf3 Nxe4 5. d4 d5 6. Bd3 Bf5 7. O-O Be7 8. c4 dxc4 9. Bxc4 O-O 10. Nc3 Nd6 11. Bb3 Nd7 12. Re1 c6 13. Be3 Nf6 14. d5 cxd5 15. Bxd5 Nxd5 16. Nxd5 1/2-1/2

[Event "ChessOrg Schachfestival 2024 Bad Wörishofen"]
[White "Auschkalnis, Reinhard"]
[Black "Jovi, Klaus"]
[Site "Bad Woerishofen"]
[Round "7.69"]
[Annotator "wempe"]
[Result "1/2-1/2"]
[Date "2024.??.??"]
[WhiteElo "1732"]
[BlackElo "1709"]
[PlyCount "59"]
[GameId "2113385361246151"]
[EventDate "2024.03.14"]

1. e4 e6 2. d4 d5 3. e5 c5 4. c3 Nc6 5. Nf3 Bd7 6. Be2 cxd4 7. cxd4 Qb6 8. a3 Be7 9. b4 f6 10. Bb2 fxe5 11. dxe5 Nh6 12. O-O O-O 13. Nc3 a6 14. Na4 Qd8 15. Rc1 b5 16. Nc5 Bxc5 17. Rxc5 Nf5 18. Qd2 h6 19. Rfc1 Rc8 20. a4 Na7 21. g4 Ne7 22. Nd4 Rxc5 23. Rxc5 Nac6 24. Nxc6 Nxc6 25. axb5 axb5 26. Bxb5 Qa8 27. Qc1 Rc8 28. Bxc6 Rxc6 29. Qa1 Qb7 30. Rxc6 1/2-1/2

[Event "ChessOrg Schachfestival 2024 Bad Wörishofen"]
[White "Eigenmann, Christina"]
[Black "Niesswohl, Werner"]
[Site "Bad Woerishofen"]
[Round "7.70"]
[Annotator "wempe"]
[Result "0-1"]
[Date "2024.??.??"]
[WhiteElo "1799"]
[BlackElo "1699"]
[PlyCount "74"]
[GameId "2113385605810131"]
[EventDate "2024.03.14"]

1. d4 Nf6 2. Nf3 g6 3. e3 Bg7 4. c4 O-O 5. Nc3 d6 6. Bd3 Bg4 7. h3 Bxf3 8. Qxf3 Nc6 9. Qd1 e5 10. d5 Ne7 11. O-O c6 12. Qb3 Rb8 13. e4 a6 14. Be3 b6 15. Qd1 c5 16. Qd2 Ne8 17. Rab1 f5 18. exf5 Nxf5 19. Bxf5 Rxf5 20. Ne4 Nf6 21. Ng5 Qe7 22. g4 Rxg5 23. Bxg5 Ne4 24. Qe3 Nxg5 25. f4 Nf7 26. f5 Bh6 27. Qa3 e4 28. fxg6 hxg6 29. Qg3 e3 30. Rxf7 Kxf7 31. Rf1+ Kg7 32. Re1 e2 33. Qd3 Qe3+ 34. Qxe3 Bxe3+ 35. Kg2 Bd4 36. b3 Re8 37. Kf3 Re3+ 0-1

[Event "ChessOrg Schachfestival 2024 Bad Wörishofen"]
[White "Okrajek, Alexander"]
[Black "Matzat, Andre"]
[Site "Bad Woerishofen"]
[Round "8.1"]
[Annotator "wempe"]
[Result "1/2-1/2"]
[Date "2024.??.??"]
[WhiteElo "2128"]
[BlackElo "2060"]
[PlyCount "40"]
[GameId "2118793979662906"]
[EventDate "2024.03.15"]

1. Nf3 c5 2. g3 Nc6 3. Bg2 g6 4. O-O Bg7 5. c4 e5 6. Nc3 d6 7. d3 Nge7 8. Bg5 f6 9. Bd2 Be6 10. a3 O-O 11. Rb1 a5 12. Ne1 d5 13. cxd5 Nxd5 14. Nc2 Rb8 15. b4 axb4 16. Nxd5 Bxd5 17. Bxd5+ Qxd5 18. axb4 Rfd8 19. Ne3 Qe6 20. bxc5 Bf8 1/2-1/2

[Event "ChessOrg Schachfestival 2024 Bad Wörishofen"]
[White "Kierzek, Matthias"]
[Black "Higatsberger, Michael"]
[Site "Bad Woerishofen"]
[Round "8.3"]
[Annotator "wempe"]
[Result "1-0"]
[Date "2024.??.??"]
[WhiteElo "2112"]
[BlackElo "2037"]
[PlyCount "91"]
[GameId "2118793979662908"]
[EventDate "2024.03.15"]

1. d4 d5 2. c4 e6 3. Nf3 c5 4. cxd5 exd5 5. Bg5 Be7 6. Bxe7 Nxe7 7. dxc5 Qa5+ 8. Nc3 Qxc5 9. e3 O-O 10. Be2 Nbc6 11. O-O Bg4 12. Nd4 Bxe2 13. Ncxe2 Rfd8 14. Qd2 Qd6 15. Rac1 Rac8 16. h3 h6 17. Rfd1 Qf6 18. Rc3 b6 19. Rdc1 Na5 20. b3 Nb7 21. Rxc8 Rxc8 22. Rxc8+ Nxc8 23. Qc2 Ne7 24. Qc7 Nc5 25. Qxa7 Nd3 26. Qb8+ Kh7 27. Qg3 b5 28. Qf3 Qg6 29. Nf4 Nxf4 30. Qxf4 b4 31. Kh2 f6 32. Qd6 Qe4 33. Qxb4 Nf5 34. Qd2 g6 35. Nxf5 Qxf5 36. a4 h5 37. h4 g5 38. hxg5 fxg5 39. a5 h4 40. a6 g4 41. a7 g3+ 42. fxg3 hxg3+ 43. Kxg3 Qg5+ 44. Kh2 Qe5+ 45. g3 Qa1 46. Qc2+ 1-0

[Event "ChessOrg Schachfestival 2024 Bad Wörishofen"]
[White "Toenniges, Thomas"]
[Black "Heck, Norbert"]
[Site "Bad Woerishofen"]
[Round "8.4"]
[Annotator "wempe"]
[Result "1/2-1/2"]
[Date "2024.??.??"]
[WhiteElo "2027"]
[BlackElo "2047"]
[PlyCount "46"]
[GameId "2118793979662909"]
[EventDate "2024.03.15"]

1. e4 c5 2. Nf3 a6 3. c4 Nc6 4. d4 cxd4 5. Nxd4 e6 6. Nc3 Qc7 7. Be3 Nf6 8. Nxc6 dxc6 9. f3 Bd6 10. g3 Be5 11. Rc1 c5 12. Bg2 O-O 13. f4 Rd8 14. Qe2 Bxc3+ 15. Rxc3 e5 16. f5 b6 17. O-O Bb7 18. Bf2 Rd7 19. g4 Rad8 20. Rc2 Qd6 21. g5 Ne8 22. Qg4 g6 23. Rc3 Ng7 1/2-1/2

[Event "ChessOrg Schachfestival 2024 Bad Wörishofen"]
[White "Scharrer, Udo"]
[Black "Baum, Bernd"]
[Site "Bad Woerishofen"]
[Round "8.5"]
[Annotator "wempe"]
[Result "1/2-1/2"]
[Date "2024.??.??"]
[WhiteElo "1986"]
[BlackElo "2201"]
[PlyCount "47"]
[GameId "2118793979662910"]
[EventDate "2024.03.15"]

1. d4 e6 2. c4 d5 3. Nc3 a6 4. cxd5 exd5 5. Bf4 Nf6 6. e3 Bd6 7. Bxd6 Qxd6 8. Bd3 O-O 9. Qc2 Nc6 10. a3 Re8 11. Nge2 Ne7 12. h3 Ng6 13. O-O b6 14. b4 Bb7 15. Rac1 Re7 16. Ng3 Nh4 17. Nf5 Nxf5 18. Bxf5 Ne4 19. Bg4 Rf8 20. Nxe4 dxe4 21. f4 exf3 22. Bxf3 Bxf3 23. Rxf3 Rfe8 24. Qd3 1/2-1/2